Noem alle clubs uit de Ere- en Eerste Divisie 2024/2025 - Statistieken

Algemene statistieken
  • Deze quiz is 54 keer genomen
  • De gemiddelde score is 31 van 38
Antwoordstatistieken
Antwoord % Correct
AFC Ajax
100%
Feyenoord
100%
FC Groningen
97%
FC Utrecht
97%
NAC Breda
93%
PSV
93%
AZ
90%
NEC
90%
PEC Zwolle
90%
Sparta Rotterdam
90%
FC Twente
87%
Fortuna Sittard
87%
SC Cambuur
87%
Willem II
87%
Go Ahead Eagles
83%
Heracles
83%
SC Heerenveen
83%
Vitesse
83%
Excelsior
80%
FC Den Bosch
80%
FC Emmen
80%
FC Volendam
80%
Jong Ajax
80%
Jong PSV
80%
MVV Maastricht
80%
VVV Venlo
80%
ADO Den Haag
77%
Almere City
77%
Jong Utrecht
77%
Roda JC
77%
Jong AZ
73%
RKC Waalwijk
73%
Telstar
73%
BV De Graafschap
70%
FC Dordrecht
70%
FC Eindhoven
67%
Helmond Sport
67%
TOP Oss
63%
Geen overeenkomende quizzen gevonden
Scoreverdeling
Procent van Mensen met Elke Score
Percentiel versus Aantal Correcte Antwoorden
Uw Scoregeschiedenis
U heeft deze quiz nog niet genomen